[Event "4NCL Division 2a"]
[Site "Hinckley Island ENG"]
[Date "2014.02.15"]
[Round "5.45"]
[White "Bamber, Elaine"]
[Black "de Coverly, Roger D"]
[Result "1/2-1/2"]
[WhiteElo "2060"]
[BlackElo "2024"]
[PlyCount "135"]
[EventDate "2014.02.15"]
[WhiteTeam "Cambridge University 2"]
[BlackTeam "Wessex"]

1. e4 e5 2. Nf3 Nc6 3. Bb5 a6 4. Ba4 Nf6 5. O-O Be7 6. Bxc6 dxc6 7. d3 Nd7 8.
Nbd2 O-O 9. b3 c5 10. Bb2 f6 11. Nc4 Nb8 12. Ne3 Re8 13. Nh4 Nc6 14. Nhf5 Bf8
15. f4 exf4 16. Rxf4 Nd4 17. Nxd4 cxd4 18. Nf5 Bxf5 19. Rxf5 Re5 20. Rxe5 fxe5
21. Qg4 Qd6 22. Rf1 Re8 23. Bc1 Qe6 24. Qf5 Qxf5 25. Rxf5 g6 26. Rf2 b5 27. Bd2
c5 28. Rf6 Ra8 29. Re6 Bg7 30. Rc6 Bf8 31. Be1 a5 32. Bg3 a4 33. Bxe5 axb3 34.
axb3 Ra1+ 35. Kf2 Rc1 36. Kf3 Rxc2 37. Bxd4 Rd2 38. Bxc5 Bxc5 39. Rxc5 Rxd3+
40. Kf4 Rxb3 41. Rc2 Rb1 42. Ke5 b4 43. Kf6 Rf1+ 44. Ke6 Rb1 45. e5 b3 46. Rf2
Ra1 47. Kf6 Ra8 48. Rb2 Rf8+ 49. Ke7 Rb8 50. e6 Rb7+ 51. Ke8 Rb8+ 52. Kd7 Rb7+
53. Kc6 Rb4 54. Kd7 Rb7+ 55. Kd8 Rb8+ 56. Ke7 Rb7+ 57. Kf6 Kf8 58. h4 Rb5 59.
g4 Rb4 60. g5 Rf4+ 61. Ke5 Rb4 62. Kd6 Ke8 63. Kc5 Rb8 64. Kd6 Rb6+ 65. Kc5 Rb8
66. Kd6 Rb6+ 67. Kc5 Rb8 68. Kd6 1/2-1/2

[Event "4NCL Division 2a"]
[Site "Hinckley Island ENG"]
[Date "2014.02.15"]
[Round "5.46"]
[White "Gill, Oliver"]
[Black "Chan, Nevil"]
[Result "1-0"]
[WhiteElo "2000"]
[BlackElo "2021"]
[PlyCount "77"]
[EventDate "2014.02.15"]
[WhiteTeam "Wessex"]
[BlackTeam "Cambridge University 2"]

1. e4 Nc6 2. Nf3 d6 3. d4 Nf6 4. Nc3 Bg4 5. Be3 e6 6. h3 Bh5 7. Be2 Be7 8. d5
exd5 9. exd5 Bxf3 10. Bxf3 Ne5 11. Be2 O-O 12. Qd2 c5 13. f4 Ng6 14. g4 Nd7 15.
g5 Re8 16. h4 Qa5 17. h5 Ngf8 18. Bd3 a6 19. Kf2 Bd8 20. Ne4 Qxd2+ 21. Nxd2 b5
22. b3 Ba5 23. c4 Bxd2 24. Bxd2 b4 25. Rag1 Nb6 26. g6 fxg6 27. hxg6 h6 28. f5
Nbd7 29. Bf4 Ne5 30. Bxe5 Rxe5 31. f6 gxf6 32. Rxh6 Kg7 33. Rgh1 Rae8 34. R1h3
a5 35. R6h4 Re1 36. Bf5 Ra1 37. Rh7+ Nxh7 38. Rxh7+ Kg8 39. Be6+ 1-0

[Event "4NCL Division 2a"]
[Site "Hinckley Island ENG"]
[Date "2014.02.15"]
[Round "5.47"]
[White "Gordon-Brown, Alexander J"]
[Black "Marsh, Roger DW"]
[Result "0-1"]
[WhiteElo "2013"]
[BlackElo "2005"]
[PlyCount "74"]
[EventDate "2014.02.15"]
[WhiteTeam "Cambridge University 2"]
[BlackTeam "Wessex"]

1. d4 g6 2. c4 Bg7 3. e4 d6 4. Nc3 e5 5. dxe5 dxe5 6. Qxd8+ Kxd8 7. Be3 Be6 8.
O-O-O+ Nd7 9. Nf3 h6 10. Be2 Kc8 11. Nd2 c5 12. Nd5 Ngf6 13. f3 Ne8 14. Nb1
Bxd5 15. cxd5 Nd6 16. Na3 a6 17. Nc4 Kc7 18. Kb1 Nxc4 19. Bxc4 Kd6 20. g4 Bf6
21. h4 g5 22. h5 b5 23. Be2 Rhc8 24. Rc1 Bd8 25. Rc2 f6 26. Rhc1 Rab8 27. Ka1
Bb6 28. a4 Ba5 29. Ka2 Bb4 30. Bd2 Bxd2 31. Rxd2 Rb6 32. Bd1 c4 33. axb5 axb5
34. Ka3 b4+ 35. Ka2 b3+ 36. Kb1 Rb4 37. Be2 Ra4 0-1